|
|
|
|
| LEADER |
00000nam0a2200000 4500 |
| 001 |
30644 |
| 005 |
20231030204039.0 |
| 010 |
|
|
|a 5751001672
|
| 035 |
|
|
|a (RuTPU)RU\TPU\book\30917
|
| 035 |
|
|
|a BOOK00000009
|
| 090 |
|
|
|a 30644
|
| 100 |
|
|
|a 20011209d2000 k y0rusy50 ca
|
| 101 |
0 |
|
|a rus
|
| 102 |
|
|
|a RU
|
| 105 |
|
|
|a a b 000zb
|
| 200 |
1 |
|
|a Каталог библиотеки П. Я. Чаадаева
|f сост.: В. С. Гречанинова
|
| 210 |
|
|
|a Москва
|c Пашков Дом
|d 2000
|
| 215 |
|
|
|a 320 с.
|c ил.
|
| 225 |
1 |
|
|a Частные собрания в фондах Российской государственной библиотеки
|
| 225 |
1 |
|
|a Каталоги
|
| 600 |
|
1 |
|a Чаадаев
|g Петр Яковлевич
|f 1794-1856
|c русский мыслитель
|b П. Я.
|c публицист
|2 stltpui
|3 (RuTPU)RU\TPU\pers\1211
|
| 610 |
1 |
|
|a библиотечные каталоги
|
| 610 |
1 |
|
|a библиотеки личные
|
| 686 |
|
|
|a Я181(2)2
|v LBC/SL-A
|2 rubbk
|
| 686 |
|
|
|a Ч611.68
|v LBC/SL-A
|2 rubbk
|
| 702 |
|
1 |
|a Гречанинова
|b В. С.
|4 220
|
| 801 |
|
0 |
|a RU
|b 63413507
|c 20011209
|g PSBO
|
| 801 |
|
2 |
|a RU
|b 63413507
|c 20140606
|g PSBO
|
| 942 |
|
|
|c BK
|